Утопия (Запис № 308602)

МАРК-запис
000 -Лідер
fixed length control field 00540nam a22002417a 4500
003 - Ідентифікатор контрольного номера
control field UA-OsUOA
001 - Контрольний номер
control field 22384
007 - Фіксоване поле фізичного опису
fixed length control field ta
008 - Елементи даних фіксованої довжини – загальна інформація
fixed length control field 20031219b un ||||| |||| 00| 0 ukr d
090 ## - Локальний шифр розміщення
Класифікаційний індекс УДК 141.81
Авторський знак (НП) М79
040 ## - Джерело каталогізації
Агенція оригінальної каталогізації UA-OsUOA
Мова каталогізації rus
Агенція, яка здійснювала перезапис UA-OsUOA
Агенція, яка здійснювала модифікацію UA-OsUOA
041 ## - Код мови
Код мови тексту/ звукової доріжки чи окремого заголовка (П) rus
080 ## - Індекс Універсальної десяткової класифікації
Індекс Універсальної десяткової класифікації (УДК) (НП) 141.81
044 ## - Код країни видавця/ виробника
Код країни видавця/ виробника (П) RU
100 ## - Основне введення – ім’я особи
Ім’я особи (НП) Мор Т.
245 ## - Відомості про назву
Назва (НП) Утопия
260 ## - Публікація, розповсюдження і т.п. (Вихідні дані)
Місце публікації, розповсюдження і т.п. (П) М.
Ім’я/ наймення видавництва, розповсюджувача і т.п. (П) Наука
Дата публікації, розповсюдження і т.п. (П) 1978
300 ## - Фізичний опис
Обсяг 415 с.
650 #7 - Додаткове предметне введення – тематичний термін
Тематичний термін чи географічна назва, як елемент введення (НП) 1 Філософські науки
Джерело заголовка чи терміна UDC
942 ## - Додаткові елементи входу (Коха)
Тип елемента Koha Книги
955 ## - Код типу видання за змістом
Код типу видання за змістом (НП) Наукові видання
Фонди
Стан вилучень Стан втрат Джерело класифікації або схеми стелажів Стан уражень Не для кредиту Постійне місце розташування Поточне розміщення Дата придбання Інвентарний номер Усього замовленно Повний номер виклику Штрих-код Дата останнього перегляду Дата останньої перевірки Ціна ефективна від Тип елемента Koha
    Universal Decimal Classification     ЧЗ - Читальна зала ЧЗ - Читальна зала 19/12/2003 62682 2 141.81 М79 62682 09/02/2022 07/10/2019 19/12/2003 Книги